[Event "7th EuropCh Men"]
[Site "Kusadasi / Turkey"]
[Date "2006.04.04"]
[Round "1"]
[Board "1"]
[White "Cvitan, Ognjen"]
[Black "Ivanchuk, Vassily"]
[Result "1/2-1/2"]
[WhiteElo "2527"]
[BlackElo "2723"]
[PlyCount "55"]
[EventDate "2006.04.04"]
[EventRounds "11"]
[EventCountry "AUT"]

1.d4 d5 2.c4 e6 3.Nc3 c6 4.e4 Bb4 5.cxd5 exd5 6.exd5 cxd5 7.Bd3 Nc6 8.a3 Bxc3+
9.bxc3 Nge7 10.Qc2 Bg4 11.Ne2 Rc8 12.O-O Qd7 13.Re1 Bf5 14.Bxf5 Nxf5 15.a4 O-O
16.Ba3 Rfe8 17.Qd3 Re4 18.Ng3 Nxg3 19.hxg3 Rce8 20.Rxe4 Rxe4 21.Qb5 a6 22.a5 h5
23.Qb6 Re2 24.Rb1 Qf5 25.Rf1 Ra2 26.Qb3 Qc2 27.Qxb7 Nxa5 28.Qa8+

[Event "7th EuropCh Men"]
[Site "Kusadasi / Turkey"]
[Date "2006.04.04"]
[Round "1"]
[Board "1"]
[White "Georgiev, Kiril"]
[Black "Kurnosov, Igor"]
[Result "1/2-1/2"]
[WhiteElo "2677"]
[BlackElo "2526"]
[PlyCount "110"]
[EventDate "2006.04.04"]
[EventRounds "11"]
[EventCountry "AUT"]

1.c4 Nf6 2.Nc3 e5 3.Nf3 Nc6 4.g3 d5 5.cxd5 Nxd5 6.Bg2 Nb6 7.O-O Be7 8.a3 O-O
9.b4 Be6 10.Rb1 f6 11.d3 a5 12.b5 Nd4 13.Nd2 Bd5 14.Nxd5 Nxd5 15.Bb2 a4 16.Bxd4
exd4 17.Nc4 Nc3 18.Qd2 c6 19.bxc6 b5 20.c7 Qxc7 21.Bxa8 Rxa8 22.Rb2 bxc4 23.Ra1
Re8 24.dxc4 Qxc4 25.Qd3 Rc8 26.Qf3 Qd5 27.Qd3 Bc5 28.h4 Re8 29.Kh2 f5 30.e3 Rd8
31.Rc2 Ne4 32.Rd1 Nf6 33.Qc4 Ng4+ 34.Kg1 Nxf2 35.Kxf2 Qxc4 36.Rxc4 dxe3+ 37.Ke2
Rxd1 38.Kxd1 Bxa3 39.Rxa4 Bd6 40.g4 fxg4 41.Rxg4 h5 42.Rg5 Be7 43.Rxh5 g6 44.Re5
Bxh4 45.Rxe3 Kf7 46.Ke2 Bf6 47.Kf3 Kg7 48.Re6 Kf7 49.Rc6 Kg7 50.Rc7+ Kg8 51.Ke4
Kf8 52.Kd5 Kg8 53.Ke6 Bb2 54.Rf7 Bc3 55.Rb7 Bd4

[Event "7th EuropCh Men"]
[Site "Kusadasi / Turkey"]
[Date "2006.04.04"]
[Round "1"]
[Board "1"]
[White "Moiseenko, Alexander"]
[Black "Zelcic, Robert"]
[Result "1/2-1/2"]
[WhiteElo "2662"]
[BlackElo "2525"]
[PlyCount "73"]
[EventDate "2006.04.04"]
[EventRounds "11"]
[EventCountry "AUT"]

1.d4 Nf6 2.c4 e6 3.Nf3 Bb4+ 4.Nbd2 b6 5.a3 Bxd2+ 6.Bxd2 Bb7 7.Bg5 d6 8.e3 Nbd7
9.Qc2 h6 10.Bh4 Qe7 11.Rd1 g5 12.Bg3 h5 13.h4 Ne4 14.Nxg5 Nxg3 15.fxg3 O-O-O
16.Qf2 f6 17.Nh3 Rdg8 18.Nf4 e5 19.Nd5 Qg7 20.Rh3 Kb8 21.Be2 f5 22.Kd2 Bxd5
23.cxd5 exd4 24.exd4 Nf6 25.Qxf5 Re8 26.Bf3 Ne4+ 27.Bxe4 Rhf8 28.Qh7 Qxd4+
29.Kc1 Qe3+ 30.Kb1 Qxe4+ 31.Qxe4 Rxe4 32.Rd2 Rf5 33.Rh1 Rg4 34.Re1 Rxg3 35.Re7
Rg8 36.Rc2 Rc8 37.Rd2

[Event "7th EuropCh Men"]
[Site "Kusadasi / Turkey"]
[Date "2006.04.04"]
[Round "1"]
[Board "1"]
[White "Narciso Dublan, Marc"]
[Black "Delchev, Aleksander"]
[Result "0-1"]
[WhiteElo "2510"]
[BlackElo "2640"]
[PlyCount "36"]
[EventDate "2006.04.04"]
[EventRounds "11"]
[EventCountry "AUT"]

1.c4 b6 2.d4 Bb7 3.Bg5 h6 4.Bh4 Nf6 5.Bxf6 exf6 6.e3 Bb4+ 7.Nd2 d5 8.Qa4+ Nc6
9.Ngf3 O-O 10.Rc1 a6 11.Qc2 Re8 12.Be2 dxc4 13.Qxc4 Bxd2+ 14.Kxd2 Re7 15.Rhd1
Qd6 16.g3 Nb4 17.a3 Nd5 18.Rc2 f5

[Event "7th EuropCh Men"]
[Site "Kusadasi / Turkey"]
[Date "2006.04.04"]
[Round "1"]
[Board "1"]
[White "Sakaev, Konstantin"]
[Black "Mastrovasilis, Athanasios"]
[Result "1-0"]
[WhiteElo "2637"]
[BlackElo "2508"]
[PlyCount "49"]
[EventDate "2006.04.04"]
[EventRounds "11"]
[EventCountry "AUT"]

1.d4 Nf6 2.c4 e6 3.Nc3 Bb4 4.Qc2 O-O 5.a3 Bxc3+ 6.Qxc3 b6 7.Bg5 Bb7 8.Nf3 d6
9.Nd2 Nbd7 10.e3 a5 11.f3 c5 12.dxc5 bxc5 13.Bd3 a4 14.O-O Qa5 15.Qc2 Ra6 16.Bh4
Rb6 17.Be1 Qa8 18.Rf2 Ne5 19.Be2 Rb8 20.Nf1 Bc6 21.Rd1 Ng6 22.h3 Ne8 23.Bc3 d5
24.Kh2 Nf6 25.Rd2

[Event "7th EuropCh Men"]
[Site "Kusadasi / Turkey"]
[Date "2006.04.04"]
[Round "1"]
[Board "1"]
[White "Stevic, Hrvoje"]
[Black "Fressinet, Laurent"]
[Result "1/2-1/2"]
[WhiteElo "2502"]
[BlackElo "2633"]
[PlyCount "71"]
[EventDate "2006.04.04"]
[EventRounds "11"]
[EventCountry "AUT"]

1.e4 e5 2.Nf3 Nc6 3.Bb5 a6 4.Bxc6 dxc6 5.Nc3 Qd6 6.d4 exd4 7.Qxd4 Bd7 8.Be3 Qxd4
9.Nxd4 O-O-O 10.O-O-O Ne7 11.Nde2 Ng6 12.Nf4 Ne5 13.Nd3 Ng4 14.Bf4 Be6 15.f3
Rxd3 16.Rxd3 Nf2 17.Rhd1 Bb4 18.a3 Be7 19.Ne2 Nxd3+ 20.Rxd3 Bc4 21.Rd2 g6 22.Kd1
a5 23.Nc1 a4 24.Nd3 c5 25.Be3 b6 26.Ne5 Be6 27.Nc6 Bh4 28.g3 Bf6 29.e5 Bg7
30.Bg5 Re8 31.Bf6 Bf8 32.f4 Bc4 33.Kc1 h5 34.h4 Kb7 35.Kb1 Kc8 36.Nd8

[Event "7th EuropCh Men"]
[Site "Kusadasi / Turkey"]
[Date "2006.04.04"]
[Round "1"]
[Board "1"]
[White "Atalik, Suat"]
[Black "Sulskis, Sarunas"]
[Result "1-0"]
[WhiteElo "2627"]
[BlackElo "2497"]
[PlyCount "61"]
[EventDate "2006.04.04"]
[EventRounds "11"]
[EventCountry "AUT"]

1.d4 Nf6 2.c4 e6 3.Nc3 Bb4 4.Qc2 c5 5.dxc5 O-O 6.a3 Bxc5 7.Nf3 b6 8.Bf4 Bb7
9.Rd1 d5 10.cxd5 Nxd5 11.Nxd5 Bxd5 12.Ng5 g6 13.e4 Qf6 14.Qd2 Bb3 15.e5 Qe7
16.Rc1 Nc6 17.Ne4 Qd8 18.Nf6+ Kh8 19.Nd7 Nd4 20.Nxc5 bxc5 21.Rxc5 Nc2+ 22.Rxc2
Bxc2 23.Qxc2 Qd4 24.Be3 Qxe5 25.Bc4 Rab8 26.b3 a5 27.O-O Kg8 28.a4 Rfd8 29.g3
Rb7 30.Qa2 Qc7 31.Qe2

[Event "7th EuropCh Men"]
[Site "Kusadasi / Turkey"]
[Date "2006.04.04"]
[Round "1"]
[Board "1"]
[White "Heberla, Bartolomiej"]
[Black "Galkin, Alexander"]
[Result "1/2-1/2"]
[WhiteElo "2497"]
[BlackElo "2618"]
[PlyCount "31"]
[EventDate "2006.04.04"]
[EventRounds "11"]
[EventCountry "AUT"]

1.d4 d5 2.c4 e6 3.Nf3 c6 4.Nbd2 f5 5.g3 Nf6 6.Bg2 Bd6 7.O-O O-O 8.Ne5 Qe7 9.Ndf3
Ne4 10.Qc2 b6 11.cxd5 cxd5 12.Be3 Qb7 13.Rfc1 Bd7 14.Bf4 Rc8 15.Qd1 Nc6 16.Nxc6

[Event "7th EuropCh Men"]
[Site "Kusadasi / Turkey"]
[Date "2006.04.04"]
[Round "1"]
[Board "1"]
[White "Fedorov, Alexei"]
[Black "Blatny, Pavel"]
[Result "1/2-1/2"]
[WhiteElo "2614"]
[BlackElo "2495"]
[PlyCount "21"]
[EventDate "2006.04.04"]
[EventRounds "11"]
[EventCountry "AUT"]

1.e4 g6 2.d4 c6 3.c3 d5 4.e5 f6 5.Bf4 Bg7 6.Nf3 Bg4 7.Qb3 Bxf3 8.Qxb7 fxe5
9.dxe5 g5 10.Bg3 Nd7 11.e6

[Event "7th EuropCh Men"]
[Site "Kusadasi / Turkey"]
[Date "2006.04.04"]
[Round "1"]
[Board "1"]
[White "Aroshidze, Levan"]
[Black "Guseinov, Gadir"]
[Result "1/2-1/2"]
[WhiteElo "2492"]
[BlackElo "2610"]
[PlyCount "28"]
[EventDate "2006.04.04"]
[EventRounds "11"]
[EventCountry "AUT"]

1.e4 c5 2.Nf3 g6 3.d4 cxd4 4.Nxd4 Bg7 5.Nc3 Nc6 6.Be3 Nf6 7.Bc4 O-O 8.O-O d6
9.h3 Bd7 10.Re1 Rc8 11.Bb3 Na5 12.Qd3 a6 13.f4 Qc7 14.Nf3 Bc6

[Event "7th EuropCh Men"]
[Site "Kusadasi / Turkey"]
[Date "2006.04.04"]
[Round "1"]
[Board "1"]
[White "Kosintseva, Tatiana"]
[Black "Kozul, Zdenko"]
[Result "0-1"]
[WhiteElo "2489"]
[BlackElo "2606"]
[PlyCount "104"]
[EventDate "2006.04.04"]
[EventRounds "11"]
[EventCountry "AUT"]

1.e4 c5 2.Nf3 Nc6 3.d4 cxd4 4.Nxd4 Nf6 5.Nc3 d6 6.Bg5 e6 7.Qd2 a6 8.O-O-O Bd7
9.f3 Rc8 10.Kb1 Be7 11.g4 Ne5 12.Be3 b5 13.g5 Nh5 14.Bd3 g6 15.f4 Nxd3 16.cxd3
b4 17.Nce2 e5 18.fxe5 dxe5 19.Nf3 Bd6 20.d4 Bc6 21.d5 Bb5 22.Ng3 Nxg3 23.hxg3 a5
24.Rh4 Qc7 25.Nh2 Qc4 26.b3 Qe2 27.Qxe2 Bxe2 28.Rd2 Bb5 29.Ng4 Ke7 30.Kb2 Rc3
31.Rc2 Rhc8 32.Rxc3 Rxc3 33.Bd2 Rxg3 34.Nf6 Rg2 35.Kc1 Bc5 36.Rxh7 Bd3 37.Rh1
Bd4 38.Re1 Kd6 39.Rd1 Bb5 40.Rh1 Bf2 41.Rh3 Rg1+ 42.Kc2 Bd4 43.Rh8 Ra1 44.Rb8
Rxa2+ 45.Kd1 Ra1+ 46.Kc2 Be2 47.Rd8+ Kc7 48.Rd7+ Kb6 49.Rd6+ Kb5 50.Ne8 a4
51.Nc7+ Ka5 52.bxa4 Bd1+

[Event "7th EuropCh Men"]
[Site "Kusadasi / Turkey"]
[Date "2006.04.04"]
[Round "1"]
[Board "1"]
[White "Socko, Bartosz"]
[Black "Guliev, Sarhan"]
[Result "1/2-1/2"]
[WhiteElo "2606"]
[BlackElo "2484"]
[PlyCount "73"]
[EventDate "2006.04.04"]
[EventRounds "11"]
[EventCountry "AUT"]

1.e4 e5 2.Nf3 Nc6 3.d4 exd4 4.Nxd4 Nf6 5.Nxc6 bxc6 6.e5 Qe7 7.Qe2 Nd5 8.c4 Nb6
9.Nc3 a5 10.Qe4 g6 11.f4 Bg7 12.Bd2 O-O 13.O-O-O d5 14.cxd5 cxd5 15.Nxd5 Nxd5
16.Qxd5 Be6 17.Qc6 Bxa2 18.Bc3 Bb3 19.Rd7 Rad8 20.Rxd8 Rxd8 21.Bc4 a4 22.Bxb3
axb3 23.Rd1 h5 24.Rxd8+ Qxd8 25.Qc4 Qa8 26.e6 Bxc3 27.exf7+ Kf8 28.Qc5+ Kxf7
29.Qxc7+ Ke8 30.Qxc3 Qxg2 31.Qe3+ Kf8 32.Qxb3 Qxh2 33.Qb8+ Kg7 34.Qe5+ Kf7
35.Qc7+ Kf6 36.Qe5+ Kf7 37.Qc7+

[Event "7th EuropCh Men"]
[Site "Kusadasi / Turkey"]
[Date "2006.04.04"]
[Round "1"]
[Board "1"]
[White "Lopez Martinez, Josep Manuel"]
[Black "Belov, Vladimir"]
[Result "1/2-1/2"]
[WhiteElo "2481"]
[BlackElo "2599"]
[PlyCount "117"]
[EventDate "2006.04.04"]
[EventRounds "11"]
[EventCountry "AUT"]

1.e4 e5 2.Nf3 Nc6 3.Bb5 Nf6 4.d3 Bc5 5.Bxc6 dxc6 6.Qe2 Bg4 7.Be3 Bd6 8.Nbd2 c5
9.O-O Nd7 10.h3 Bh5 11.c3 Qe7 12.Rfe1 O-O 13.Nf1 Bxf3 14.Qxf3 Qe6 15.Qg4 Rfe8
16.Nd2 Rad8 17.Red1 Nf8 18.Nc4 b6 19.a4 a5 20.Rd2 Rd7 21.Kf1 f6 22.Qxe6+ Nxe6
23.Ke2 Bf8 24.f3 h5 25.Kd1 Kh7 26.Kc2 g6 27.Rad1 Red8 28.h4 Bg7 29.Rf2 f5
30.exf5 gxf5 31.f4 e4 32.Rfd2 exd3+ 33.Rxd3 Rxd3 34.Rxd3 Kg6 35.Rxd8 Nxd8 36.Kd3
Kf7 37.Nd2 Nb7 38.Kc4 Ke6 39.Nf3 Nd6+ 40.Kd3 c4+ 41.Ke2 c5 42.Nd2 Bf6 43.Bf2 Be7
44.Nf1 Kd5 45.Ne3+ Kc6 46.Be1 Bd8 47.Kd1 Kd7 48.Kc2 Bc7 49.g3 Kc6 50.Bd2 b5
51.axb5+ Kxb5 52.Be1 Kc6 53.Kb1 Kb5 54.Ka2 Ka4 55.Nd5 Bd8 56.Ne3 Bc7 57.Bd2 Bd8
58.Be1 Bc7 59.Bd2

[Event "7th EuropCh Men"]
[Site "Kusadasi / Turkey"]
[Date "2006.04.04"]
[Round "1"]
[Board "1"]
[White "Inarkiev, Ernesto"]
[Black "Romanov, Evgeny"]
[Result "1-0"]
[WhiteElo "2598"]
[BlackElo "2480"]
[PlyCount "106"]
[EventDate "2006.04.04"]
[EventRounds "11"]
[EventCountry "AUT"]

1.e4 e5 2.Nf3 Nc6 3.Bb5 g6 4.c3 a6 5.Ba4 d6 6.d4 Bd7 7.Nbd2 Bg7 8.Nf1 b5 9.Bb3
Nf6 10.Ng3 Qe7 11.O-O O-O 12.a3 Kh8 13.h3 h6 14.Re1 Nh7 15.Ba2 Nd8 16.Be3 Ne6
17.Qd2 h5 18.Rad1 Rad8 19.b4 Qf6 20.Ne2 Rfe8 21.d5 Nef8 22.c4 Bxh3 23.cxb5 axb5
24.Rc1 Rc8 25.Rc3 Bd7 26.Rec1 Qd8 27.Qc2 f5 28.Rxc7 Rxc7 29.Qxc7 Qxc7 30.Rxc7
Ra8 31.Rc3 Nf6 32.Ng5 Kg8 33.exf5 gxf5 34.Bb6 Bh6 35.Ne6 Ne4 36.Rh3 Kf7 37.Nc7
Rb8 38.Ba5 Kg6 39.Rd3 h4 40.Nc3 Nxc3 41.Rxc3 Nh7 42.Rc6 Bf8 43.a4 bxa4 44.b5 Nf6
45.b6 a3 46.Na6 Rb7 47.Rc3 Be7 48.Rxa3 Bd8 49.Rb3 Bc8 50.Rb4 Kf7 51.Bb3 Ke7
52.Ba4 Nxd5 53.Rxh4 Bxb6

[Event "7th EuropCh Men"]
[Site "Kusadasi / Turkey"]
[Date "2006.04.04"]
[Round "1"]
[Board "1"]
[White "Williams, Simon"]
[Black "Kotronias, Vasilios"]
[Result "1/2-1/2"]
[WhiteElo "2478"]
[BlackElo "2598"]
[PlyCount "111"]
[EventDate "2006.04.04"]
[EventRounds "11"]
[EventCountry "AUT"]

1.d4 Nf6 2.c4 g6 3.Nc3 Bg7 4.e4 d6 5.Bd3 O-O 6.Nge2 Nc6 7.O-O e5 8.d5 Nd4 9.Rb1
c5 10.dxc6 bxc6 11.b4 Re8 12.f3 Nd7 13.Kh1 Nb6 14.b5 Be6 15.bxc6 Nxc6 16.Nd5 Na5
17.Rb4 Rc8 18.Be3 Naxc4 19.Bxc4 Nxc4 20.Bxa7 Qa5 21.Ra4 Qd2 22.Qxd2 Nxd2 23.Rd1
Bxd5 24.Rxd2 Bc6 25.Rc4 Bb5 26.Rxc8 Rxc8 27.Kg1 f5 28.Kf2 Kf7 29.Rb2 Ba6 30.Be3
Ke6 31.Bd2 fxe4 32.fxe4 Rf8+ 33.Ke1 Bd3 34.Rb4 Bf6 35.Bh6 Rc8 36.Kd2 Bxe2
37.Kxe2 Rc2+ 38.Kf3 Rxa2 39.Rb7 Ra3+ 40.Kg4 Be7 41.g3 Ra2 42.h4 Rf2 43.Ra7 Rf7
44.h5 gxh5+ 45.Kxh5 Rf1 46.Kg4 Rh1 47.Be3 h5+ 48.Kf3 Rf1+ 49.Ke2 Rb1 50.Kf3 Rb3
51.Ke2 Rb8 52.Kf3 Rf8+ 53.Ke2 Rg8 54.Kf3 Bg5 55.Bxg5 Rxg5 56.Rh7

[Event "7th EuropCh Men"]
[Site "Kusadasi / Turkey"]
[Date "2006.04.04"]
[Round "1"]
[Board "1"]
[White "Kosintseva, Nadezhda"]
[Black "Azarov, Sergei"]
[Result "0-1"]
[WhiteElo "2469"]
[BlackElo "2592"]
[PlyCount "86"]
[EventDate "2006.04.04"]
[EventRounds "11"]
[EventCountry "AUT"]

1.e4 e5 2.Nf3 Nc6 3.Bb5 a6 4.Ba4 Nf6 5.O-O Be7 6.Re1 b5 7.Bb3 O-O 8.d4 d6 9.c3
Bg4 10.Be3 exd4 11.cxd4 Na5 12.Bc2 Nc4 13.Bc1 c5 14.b3 Nb6 15.Nbd2 Nfd7 16.Bb2
Rc8 17.Qb1 c4 18.Re3 d5 19.bxc4 Nxc4 20.Nxc4 dxc4 21.e5 g6 22.Nd2 Be6 23.f4 Nb6
24.Ne4 b4 25.Qd1 c3 26.Bc1 Rc4 27.Rg3 Rxd4 28.Qh5 Kh8 29.Qf3 Nc4 30.Be3 Nxe3
31.Qxe3 Qb6 32.Rf1 Bf5 33.h3 Rfd8 34.Kh2 Qb5 35.Nd6 Bxd6 36.Qxd4 Be7 37.Qa7 Bh4
38.Qxf7 Qxf1 39.Rf3 Qb5 40.Bxf5 gxf5 41.Qxf5 Qd5 42.Qh5 Be7 43.Rg3 c2

[Event "7th EuropCh Men"]
[Site "Kusadasi / Turkey"]
[Date "2006.04.04"]
[Round "1"]
[Board "1"]
[White "Macieja, Bartlomiej"]
[Black "Arlandi, Ennio"]
[Result "1-0"]
[WhiteElo "2584"]
[BlackElo "2453"]
[PlyCount "59"]
[EventDate "2006.04.04"]
[EventRounds "11"]
[EventCountry "AUT"]

1.e4 c5 2.Nf3 e6 3.d4 cxd4 4.Nxd4 Nf6 5.Nc3 d6 6.g4 h6 7.h4 Nc6 8.g5 hxg5 9.Bxg5
a6 10.Qd2 Qb6 11.Nb3 Qc7 12.O-O-O Bd7 13.f4 O-O-O 14.Be2 Be7 15.h5 Kb8 16.Bf3
Bc8 17.Kb1 Nh7 18.Bxe7 Qxe7 19.Rhg1 Nf6 20.Qe2 Ne8 21.e5 d5 22.Qe3 Qc7 23.Ne2
Ne7 24.Rd3 Nf5 25.Qf2 f6 26.Rc3 Qe7 27.Qb6 Ka8 28.Ned4 Nxd4 29.Nxd4 Bd7 30.Be2

[Event "7th EuropCh Men"]
[Site "Kusadasi / Turkey"]
[Date "2006.04.04"]
[Round "1"]
[Board "1"]
[White "Haznedaroglu, Kivanc"]
[Black "Nijboer, Friso"]
[Result "0-1"]
[WhiteElo "2453"]
[BlackElo "2584"]
[PlyCount "112"]
[EventDate "2006.04.04"]
[EventRounds "11"]
[EventCountry "AUT"]

1.e4 d6 2.d4 Nf6 3.Nc3 g6 4.Bg5 Bg7 5.Qd2 h6 6.Bh4 g5 7.Bg3 Nh5 8.O-O-O Nd7
9.Be2 Nxg3 10.hxg3 c5 11.dxc5 Nxc5 12.Nf3 Bd7 13.Nd4 Qa5 14.Kb1 O-O-O 15.Rhe1
Kb8 16.Bc4 e6 17.Nb3 Qc7 18.Qxd6 Qxd6 19.Rxd6 Bxc3 20.bxc3 Na4 21.Re3 Bc6
22.Rxd8+ Rxd8 23.Kc1 Kc7 24.Nd4 Kb6 25.Nxc6 Kxc6 26.e5 Nc5 27.f4 Rg8 28.f5 g4
29.Re1 Rg5 30.fxe6 fxe6 31.a3 Kd7 32.Rf1 Rxe5 33.Rf7+ Kd6 34.Rh7 Re3 35.Rxh6
Rxg3 36.Bf1 Rxc3 37.Rh4 Rg3 38.Be2 Rxg2 39.Bxg4 Rg3 40.Kb2 Na4+ 41.Ka2 b5 42.Bh5
a6 43.Rd4+ Kc5 44.Rd8 Rg2 45.Rc8+ Kd6 46.Bf3 Rg3 47.Ba8 Rc3 48.Rxc3 Nxc3+ 49.Kb3
Nd5 50.Bb7 a5 51.a4 b4 52.Kc4 Nc3 53.Bf3 e5 54.Bh5 Nxa4 55.Kb5 Nc3+ 56.Kxa5 Kc5

[Event "7th EuropCh Men"]
[Site "Kusadasi / Turkey"]
[Date "2006.04.04"]
[Round "1"]
[Board "1"]
[White "Nevednichy, Vladislav"]
[Black "Steingrimsson, Hedinn"]
[Result "1/2-1/2"]
[WhiteElo "2582"]
[BlackElo "2447"]
[PlyCount "82"]
[EventDate "2006.04.04"]
[EventRounds "11"]
[EventCountry "AUT"]

1.e4 c5 2.Nf3 d6 3.d4 cxd4 4.Nxd4 Nf6 5.Nc3 a6 6.a4 e5 7.Nf3 Be7 8.Bc4 O-O 9.Bg5
Be6 10.Bxf6 Bxc4 11.Nd2 Be6 12.Bxe7 Qxe7 13.Nf1 Nd7 14.Ne3 Rfc8 15.Ncd5 Qd8
16.O-O Nb6 17.Nc3 Nc4 18.Qe1 Nxe3 19.Qxe3 Rc5 20.Rfd1 Rac8 21.Rd3 Qb6 22.Rb1 Qb4
23.Qd2 h6 24.Rg3 Kh7 25.Qxd6 b5 26.axb5 axb5 27.h3 Qd4 28.Qxd4 exd4 29.Ne2 Ba2
30.Ra1 Rxc2 31.Nxd4 Rxb2 32.Nxb5 Bb1 33.Nc3 Rb3 34.Rxb1 Rxb1+ 35.Nxb1 Rc1+
36.Kh2 Rxb1 37.Re3 h5 38.Kg3 Rb2 39.h4 g6 40.Kf3 Kg7 41.g3 Kf6

[Event "7th EuropCh Men"]
[Site "Kusadasi / Turkey"]
[Date "2006.04.04"]
[Round "1"]
[Board "1"]
[White "Iotov, Valentin"]
[Black "David, Alberto"]
[Result "1-0"]
[WhiteElo "2440"]
[BlackElo "2580"]
[PlyCount "113"]
[EventDate "2006.04.04"]
[EventRounds "11"]
[EventCountry "AUT"]

1.d4 d5 2.Nf3 Nf6 3.c4 c6 4.Nc3 dxc4 5.e3 b5 6.a4 b4 7.Na2 e6 8.Bxc4 Bb7 9.O-O
Nbd7 10.Qe2 c5 11.Rd1 Qb6 12.Bd2 a5 13.Be1 Bd6 14.Nc1 O-O 15.Nb3 Rfd8 16.Bb5 Bd5
17.Nfd2 cxd4 18.Nxd4 Rac8 19.Rac1 Ne5 20.f3 Qb8 21.e4 Ba8 22.Bf2 Rxc1 23.Rxc1 h5
24.Nf1 Bc7 25.Nb3 Ng6 26.Qc2 Bf4 27.Rd1 Rc8 28.Qe2 Bc7 29.Qe3 h4 30.Qa7 h3
31.Qxb8 Rxb8 32.Rc1 Bf4 33.Be3 hxg2 34.Kxg2 Rd8 35.Kf2 Be5 36.Bb6 Rf8 37.Bxa5
Bxb2 38.Bxb4 Rd8 39.Rc2 Be5 40.Ng3 Nf4 41.Ba5 Rb8 42.Rd2 Nh3+ 43.Ke2 Ng1+ 44.Ke3
Nxf3 45.Kxf3 Bxg3 46.hxg3 Nxe4 47.Rb2 Bd5 48.Kg4 g5 49.Nd2 f5+ 50.Kh5 Nxg3+
51.Kxg5 Kf7 52.Rc2 Rg8+ 53.Kf4 Rg4+ 54.Ke5 f4 55.Rc7+ Kg6 56.Bd3+ Kg5 57.Rh7

[Event "7th EuropCh Men"]
[Site "Kusadasi / Turkey"]
[Date "2006.04.04"]
[Round "1"]
[Board "1"]
[White "Stefansson, Hannes"]
[Black "Weiss, Christian"]
[Result "1/2-1/2"]
[WhiteElo "2579"]
[BlackElo "2437"]
[PlyCount "101"]
[EventDate "2006.04.04"]
[EventRounds "11"]
[EventCountry "AUT"]

1.d4 Nf6 2.c4 g6 3.Nf3 Bg7 4.g3 O-O 5.Bg2 d6 6.O-O Nbd7 7.Nc3 e5 8.e4 c6 9.b3
Re8 10.h3 a6 11.d5 cxd5 12.cxd5 b5 13.Ne1 Nb6 14.Nd3 Bd7 15.Be3 a5 16.Qe2 Qb8
17.Rfc1 Rc8 18.Nb2 b4 19.Nca4 Nxa4 20.bxa4 Qb7 21.Nc4 Qa6 22.Bf1 Nxe4 23.Nb6 Qb7
24.Nxc8 Bxc8 25.Rc6 Bf8 26.Bg2 Nc3 27.Qc4 Nxa4 28.a3 Nc5 29.Bxc5 dxc5 30.d6 Bxh3
31.Bd5 Be6 32.Rxc5 Bxd5 33.Rxd5 Rd8 34.a4 Rxd6 35.Rxa5 Qf3 36.Rxe5 Rd2 37.Rf1
Qc3 38.Qe4 b3 39.Re8 Qc5 40.Rb8 Rd4 41.Qe3 b2 42.a5 Rc4 43.Qd2 Rc2 44.Qd8 Rc1
45.a6 Kg7 46.Qe8 Ra1 47.Qe2 Qd4 48.Rxb2 Rxa6 49.Rbb1 h5 50.Qb2 Qxb2 51.Rxb2

[Event "7th EuropCh Men"]
[Site "Kusadasi / Turkey"]
[Date "2006.04.04"]
[Round "1"]
[Board "1"]
[White "Kotanjian, Tigran"]
[Black "Van Den Doel, Erik"]
[Result "1-0"]
[WhiteElo "2435"]
[BlackElo "2579"]
[PlyCount "54"]
[EventDate "2006.04.04"]
[EventRounds "11"]
[EventCountry "AUT"]

1.d4 d5 2.c4 dxc4 3.e4 Nf6 4.e5 Nd5 5.Bxc4 Nb6 6.Bd3 Nc6 7.Ne2 Bg4 8.f3 Be6
9.Nbc3 Bc4 10.Be4 Qd7 11.O-O O-O-O 12.Be3 f5 13.Bxc6 Qxc6 14.Rc1 e6 15.Re1 Bb4
16.a3 Be7 17.d5 Nxd5 18.Nxd5 Qxd5 19.Qc2 Qd3 20.Qxc4 Qxe3+ 21.Kh1 Qb6 22.Nf4 Bg5
23.Nxe6 Bxc1 24.Nxd8 Bxb2 25.Nf7 Rf8 26.e6 Bxa3 27.Qd5 Qb4

[Event "7th EuropCh Men"]
[Site "Kusadasi / Turkey"]
[Date "2006.04.04"]
[Round "1"]
[Board "1"]
[White "Zueger, Beat"]
[Black "Balogh, Csaba"]
[Result "1/2-1/2"]
[WhiteElo "2433"]
[BlackElo "2576"]
[PlyCount "34"]
[EventDate "2006.04.04"]
[EventRounds "11"]
[EventCountry "AUT"]

1.c4 Nf6 2.g3 e6 3.Bg2 d5 4.d4 dxc4 5.Nf3 Bb4+ 6.Bd2 a5 7.O-O O-O 8.Qc2 Bxd2
9.Nbxd2 b5 10.a4 c6 11.b3 cxb3 12.Nxb3 Nd5 13.e4 Nb4 14.Qc3 Ba6 15.Rfc1 Nd7
16.axb5 Bxb5 17.Nxa5 Rxa5

[Event "7th EuropCh Men"]
[Site "Kusadasi / Turkey"]
[Date "2006.04.04"]
[Round "1"]
[Board "1"]
[White "Minasian, Artashes"]
[Black "Atakisi, Umut"]
[Result "1-0"]
[WhiteElo "2574"]
[BlackElo "2429"]
[PlyCount "63"]
[EventDate "2006.04.04"]
[EventRounds "11"]
[EventCountry "AUT"]

1.e4 c5 2.Nf3 Nc6 3.Bb5 g6 4.Bxc6 dxc6 5.d3 Bg7 6.h3 Nf6 7.Nc3 O-O 8.Bf4 a5
9.Qd2 a4 10.a3 Qa5 11.Bh6 Rd8 12.Bxg7 Kxg7 13.Qe3 Qb6 14.Rb1 Qa7 15.Ne5 Nd7
16.Ng4 Nf8 17.Qh6+ Kg8 18.Ne3 Qb8 19.f4 Qd6 20.O-O Qd4 21.f5 Rd6 22.Ne2 Qg7
23.Qh4 gxf5 24.exf5 Qf6 25.Qe4 Rd8 26.Rf3 Kh8 27.Ng4 Qd6 28.Ne5 Qf6 29.Qe3 Rd5
30.Ng4 Qd6 31.Nh6 Qf6 32.Rg3

[Event "7th EuropCh Men"]
[Site "Kusadasi / Turkey"]
[Date "2006.04.04"]
[Round "1"]
[Board "1"]
[White "Esen, Baris"]
[Black "Postny, Evgeny"]
[Result "1-0"]
[WhiteElo "2420"]
[BlackElo "2572"]
[PlyCount "123"]
[EventDate "2006.04.04"]
[EventRounds "11"]
[EventCountry "AUT"]

1.d4 Nf6 2.c4 e6 3.Nf3 b6 4.a3 Ba6 5.Qc2 Bb7 6.Nc3 c5 7.dxc5 bxc5 8.Bf4 Be7
9.Rd1 O-O 10.e3 Nc6 11.Be2 a6 12.O-O Qb6 13.Rd2 Rac8 14.Rfd1 Rfd8 15.Bd6 Bxd6
16.Rxd6 Qc7 17.R6d2 Ne5 18.Nxe5 Qxe5 19.b4 cxb4 20.axb4 a5 21.b5 Qg5 22.e4 Qe5
23.f3 d5 24.Na4 Re8 25.c5 dxe4 26.c6 exf3 27.gxf3 Nd5 28.Qc5 Qf6 29.Kh1 Nf4
30.Bf1 e5 31.Rd6 Qg5 32.Nb6 Rc7 33.Qe3 h6 34.Nd5 Nxd5 35.Qxg5 hxg5 36.R1xd5 Ba8
37.Rc5 Rec8 38.Rxe5 Bxc6 39.bxc6 Rxc6 40.Rxc6 Rxc6 41.Rxg5 a4 42.Ra5 Rc3 43.Kg2
a3 44.Kf2 g6 45.Be2 Kg7 46.Ke1 f5 47.Kd2 Rb3 48.Bd1 Rb4 49.Rxa3 Rh4 50.Ke3 Rxh2
51.Bb3 Rh1 52.Ra7+ Kf6 53.Ra6+ Kg7 54.Kf4 Rh4+ 55.Ke5 Rb4 56.Bd5 Rb1 57.Ra7+ Kh6
58.Kf6 Rb2 59.Ra1 Rh2 60.Ra8 Kh7 61.Bg8+ Kh6 62.Ra7

[Event "7th EuropCh Men"]
[Site "Kusadasi / Turkey"]
[Date "2006.04.04"]
[Round "1"]
[Board "1"]
[White "Safarli, Eltaj"]
[Black "Agrest, Evgenij"]
[Result "0-1"]
[WhiteElo "2417"]
[BlackElo "2570"]
[PlyCount "31"]
[EventDate "2006.04.04"]
[EventRounds "11"]
[EventCountry "AUT"]

1.e4 d6 2.d4 g6 3.Nc3 Bg7 4.g3 Nf6 5.Bg2 O-O 6.Nf3 Nbd7 7.O-O c5 8.h3 Rb8 9.a4
b6 10.Be3 a6 11.Qd2 cxd4 12.Nxd4 Bb7 13.Bh6 Nc5 14.Bxg7 Kxg7 15.Rfe1 e5 16.Nb3
{...89}

[Event "7th EuropCh Men"]
[Site "Kusadasi / Turkey"]
[Date "2006.04.04"]
[Round "1"]
[Board "1"]
[White "Seeman, Tarvo"]
[Black "Mchedlishvili, Mikheil"]
[Result "0-1"]
[WhiteElo "2412"]
[BlackElo "2567"]
[PlyCount "84"]
[EventDate "2006.04.04"]
[EventRounds "11"]
[EventCountry "AUT"]

1.e4 c5 2.Nf3 e6 3.b3 a6 4.c4 d6 5.Nc3 Nf6 6.Bb2 e5 7.Be2 Nc6 8.O-O g6 9.d3 Bg7
10.Bc1 O-O 11.Rb1 b5 12.a3 b4 13.axb4 Nxb4 14.Ne1 Nd7 15.Nc2 a5 16.Bg4 Bb7
17.Na3 Nb8 18.Nab5 N8c6 19.Ba3 Kh8 20.Bh3 f5 21.Bxb4 Nxb4 22.exf5 gxf5 23.Qh5
Qf6 24.Rbd1 Rad8 25.g3 Bc6 26.Bg2 Bxg2 27.Kxg2 d5 28.Nc7 dxc4 29.dxc4 e4 30.Rxd8
Rxd8 31.N3d5 Qg6 32.Qh4 Rf8 33.Nxb4 cxb4 34.Nd5 a4 35.bxa4 b3 36.Nc7 f4 37.Re1
b2 38.Nb5 e3 39.f3 Qc2+ 40.Kh3 Qf5+ 41.Kg2 fxg3 42.hxg3 Qxf3+

[Event "7th EuropCh Men"]
[Site "Kusadasi / Turkey"]
[Date "2006.04.04"]
[Round "1"]
[Board "1"]
[White "Saric, Ivan"]
[Black "L"Ami, Erwin"]
[Result "0-1"]
[WhiteElo "2393"]
[BlackElo "2565"]
[PlyCount "130"]
[EventDate "2006.04.04"]
[EventRounds "11"]
[EventCountry "AUT"]

1.e4 e5 2.Nf3 Nc6 3.Bc4 Nf6 4.d3 Bc5 5.c3 d6 6.O-O O-O 7.Bb3 a6 8.Nbd2 Ba7 9.h3
h6 10.Re1 Nh5 11.Nf1 Qf6 12.Be3 Nf4 13.Kh2 Be6 14.Qd2 Rad8 15.d4 Bxb3 16.axb3
Bb6 17.Ng3 g6 18.Ng1 Rfe8 19.Rad1 Kh7 20.N1e2 g5 21.Nf5 Nxe2 22.Qxe2 exd4
23.Bxd4 Nxd4 24.Nxd4 Bxd4 25.cxd4 Re7 26.f3 Rde8 27.Kg1 Qf4 28.Kf2 Qh4+ 29.Kg1
Kg7 30.Kh2 Qh5 31.Rd3 Qg6 32.Re3 f5 33.Qc2 f4 34.Rc3 c6 35.Qf2 d5 36.e5 Qf5
37.Rec1 Re6 38.Qc2 Kg6 39.Kg1 Qxc2 40.R1xc2 a5 41.b4 axb4 42.Rb3 Ra8 43.Rxb4
Ra1+ 44.Kf2 Re7 45.Rb6 Kf5 46.b4 Rc7 47.Ke2 h5 48.Rd2 g4 49.hxg4+ hxg4 50.fxg4+
Kxg4 51.Kf2 Ra3 52.Rb2 Rd3 53.b5 Rxd4 54.bxc6 bxc6 55.Rc2 c5 56.e6 c4 57.Rd6 Re7
58.Re2 Kf5 59.g3 fxg3+ 60.Kxg3 c3 61.Kf2 Rh7 62.e7 Rf4+ 63.Kg3 Rg4+ 64.Kf3 Rh3+
65.Kf2 Rh2+